000
00330nam a22001457a 4500
008
210528b ||||| |||| 00| 0 eng d
020
_a
9781464147067
041
_a
eng
080
_2
3rd
_a
159.9
082
_a
159.9
100
_a
48
101
_a
PSI
245
_a
Psychology in Everyday Life
_c
David G. Myers
942
_2
udc
_c
BK
999
_c
57814
_d
57814